[Event "Ruhrgebiet Verbandsklasse Gruppe 1 1819"]
[Site "Nordrheinwestfalen"]
[Date "2018.10.07"]
[Round "2.5"]
[White "Straenger, Petra"]
[Black "Michalicek, Roland"]
[Result "0-1"]
[WhiteElo "1814"]
[BlackElo "1845"]
[PlyCount "92"]
[EventDate "2018.09.23"]
[EventType "team-tourn"]
[EventRounds "9"]
[EventCountry "GER"]
[SourceTitle "EXT 2022"]
[Source "ChessBase"]
[SourceDate "2021.10.06"]
[SourceVersion "1"]
[SourceVersionDate "2021.10.06"]
[SourceQuality "1"]
[WhiteTeam "Muelheim SC"]
[BlackTeam "Haltern"]
[WhiteTeamCountry "GER"]
[BlackTeamCountry "GER"]

1. d4 d5 2. Nf3 Nf6 3. c4 e6 4. Nc3 Nbd7 5. g3 dxc4 6. Qa4 Bd6 7. e4 b5 8. Qxb5 Rb8 9. Qxc4 Bb7 10. Qd3 Bb4 11. Nd2 Nxe4 12. Ndxe4 f5 13. Bg2 0-0 14. 0-0 fxe4 15. Bxe4 Nf6 16. Bxb7 Rxb7 17. Qc4 Nd5 18. Ne4 Be7 19. Qa6 Rb6 20. Qc4 h6 21. b3 Qe8 22. Bd2 Rc6 23. Qe2 Qf7 24. Rac1 Rxc1 25. Rxc1 Qf5 26. Nc5 Rf6 27. Nd7 Rf7 28. Ne5 Rf6 29. Ba5 Ba3 30. Rf1 c5 31. Nd7 Rg6 32. Nxc5 Nf4 33. Qe3 Qg4 34. Kh1 Ne2 35. Qe4 Qh5 36. Qa8+ Kh7 37. Qe4 Nxd4 38. b4 Nf3 39. h4 Nd2 40. Qd3 Nxf1 41. Nxe6 Ne3 42. Qxe3 Qd5+ 43. Kh2 Rxe6 44. Qxa3 Re1 45. f3 Qd2+ 46. Kh3 h5 0-1

[Event "Dortmund Sparkassen op-B 44th"]
[Site "Dortmund"]
[Date "2016.07.12"]
[Round "4"]
[White "Michalicek, Roland"]
[Black "Meinschien, Finn"]
[Result "1-0"]
[WhiteElo "1769"]
[BlackElo "1548"]
[PlyCount "117"]
[EventDate "2016.07.09"]
[EventType "swiss"]
[EventRounds "9"]
[EventCountry "GER"]
[SourceTitle "CBM 173 Extra"]
[Source "ChessBase"]
[SourceDate "2016.08.29"]
[SourceVersion "1"]
[SourceVersionDate "2016.08.29"]
[SourceQuality "1"]

1. e4 c5 2. Nf3 d6 3. d4 cxd4 4. Nxd4 Nf6 5. Nc3 g6 6. Bc4 Bg7 7. h3 0-0 8. 0-0 Nc6 9. Be3 Bd7 10. Qd2 a6 11. a3 Qc7 12. Ba2 Rfc8 13. Rfe1 Rab8 14. Rad1 b5 15. Nd5 Nxd5 16. exd5 Nxd4 17. Bxd4 Bxd4 18. Qxd4 Be8 19. c3 Rb7 20. Re3 Rcb8 21. Rde1 a5 22. h4 f6 23. h5 g5 24. g4 h6 25. Qe4 Qc5 26. Bb1 e5 27. dxe6 Re7 28. Rd1 Rd8 29. Rd5 Qc4 30. Qf5 Qf4 31. Rf3 Qxf5 32. Rdxf5 Rxe6 33. Ba2 d5 34. Bxd5 Rxd5 35. Rxd5 Bc6 36. Rd8+ Kg7 37. Re3 Rxe3 38. fxe3 Bf3 39. Rd4 Kf7 40. Kf2 Bc6 41. Rd6 Be4 42. b3 Bc2 43. c4 b4 44. axb4 axb4 45. Rb6 Bxb3 46. Rxb4 Bd1 47. c5 Ke7 48. Rd4 Bb3 49. c6 Be6 50. c7 Kf7 51. Rd8 Bxg4 52. c8Q Bxc8 53. Rxc8 Ke6 54. Kf3 Kf5 55. Re8 g4+ 56. Kg3 Kg5 57. e4 Kxh5 58. Rg8 f5 59. e5 1-0

[Event "Gelsenkirchen Silvester op 2nd"]
[Site "Gelsenkirchen"]
[Date "2014.12.29"]
[Round "5"]
[White "Michalicek, Roland"]
[Black "Grunwald, Guenther"]
[Result "1-0"]
[WhiteElo "1917"]
[BlackElo "1695"]
[PlyCount "77"]
[EventDate "2014.12.27"]
[EventType "swiss"]
[EventRounds "5"]
[EventCountry "GER"]
[SourceTitle "EXT 2019"]
[Source "ChessBase"]
[SourceDate "2018.10.10"]
[SourceVersion "1"]
[SourceVersionDate "2018.10.10"]
[SourceQuality "1"]

1. e4 e5 2. Nf3 Nc6 3. d4 exd4 4. Nxd4 Bc5 5. Be3 Qf6 6. c3 Nge7 7. Bc4 0-0 8. Nxc6 Qxc6 9. Bxc5 Qxc5 10. Nd2 Nc6 11. 0-0 Ne5 12. Be2 Qe7 13. Nf3 d6 14. Nd4 a6 15. f4 c5 16. fxe5 cxd4 17. exd6 Qxd6 18. cxd4 Rd8 19. d5 Qb6+ 20. Kh1 Qxb2 21. Bc4 Qe5 22. Qf3 Rf8 23. Rad1 Qg5 24. Qc3 Bg4 25. Rd3 b5 26. Bb3 Be2 27. Rf5 Qd8 28. Re3 Rc8 29. Qd2 Bg4 30. Rf4 Qc7 31. Re1 Qd7 32. Qa5 Ra8 33. e5 h5 34. Qc3 Rac8 35. Qe3 Qc7 36. h3 Bd7 37. e6 fxe6 38. dxe6 Bxe6 39. Bxe6+ 1-0

[Event "Gelsenkirchen Silvester op 2nd"]
[Site "Gelsenkirchen"]
[Date "2014.12.28"]
[Round "4"]
[White "Nikolaus, Michael"]
[Black "Michalicek, Roland"]
[Result "0-1"]
[WhiteElo "1326"]
[BlackElo "1917"]
[PlyCount "34"]
[EventDate "2014.12.27"]
[EventType "swiss"]
[EventRounds "5"]
[EventCountry "GER"]
[SourceTitle "EXT 2019"]
[Source "ChessBase"]
[SourceDate "2018.10.10"]
[SourceVersion "1"]
[SourceVersionDate "2018.10.10"]
[SourceQuality "1"]

1. e4 e5 2. Nf3 Nf6 3. Bc4 Nxe4 4. Nxe5 d5 5. Qh5 Be6 6. Bd3 Bd6 7. Bxe4 dxe4 8. Nc3 g6 9. Qe2 Bxe5 10. Qxe4 Nc6 11. f4 Bg7 12. 0-0 0-0 13. Na4 Nd4 14. c3 Bf5 15. Qxb7 Re8 16. Kh1 Re2 17. cxd4 Be4 0-1

[Event "Gelsenkirchen Silvester op 2nd"]
[Site "Gelsenkirchen"]
[Date "2014.12.27"]
[Round "1"]
[White "Michalicek, Roland"]
[Black "Quast, Marcel"]
[Result "0-1"]
[WhiteElo "1917"]
[BlackElo "2201"]
[PlyCount "62"]
[EventDate "2014.12.27"]
[EventType "swiss"]
[EventRounds "5"]
[EventCountry "GER"]
[SourceTitle "EXT 2019"]
[Source "ChessBase"]
[SourceDate "2018.10.10"]
[SourceVersion "1"]
[SourceVersionDate "2018.10.10"]
[SourceQuality "1"]

1. e4 e5 2. Nf3 d6 3. d4 exd4 4. Nxd4 Nf6 5. Bd3 g6 6. 0-0 Bg7 7. f4 0-0 8. c3 Nbd7 9. Nd2 Nc5 10. Bc2 Re8 11. Qf3 Bg4 12. Qg3 Bd7 13. Re1 a5 14. b3 a4 15. b4 Ne6 16. e5 Nh5 17. Nxe6 Rxe6 18. Qf3 dxe5 19. f5 Bc6 20. Ne4 Re8 21. Bg5 Bxe4 22. Bxd8 Bxf3 23. Bxc7 Bd5 24. fxg6 hxg6 25. Re3 Re6 26. Rae1 Bxa2 27. Bxe5 Bxe5 28. Rxe5 Rxe5 29. Rxe5 Bb3 30. Be4 a3 31. Bxb7 a2 0-1

[Event "Dortmund Sparkassen op-B"]
[Site "Dortmund"]
[Date "2014.07.17"]
[Round "6"]
[White "Spreer, Lutz"]
[Black "Michalicek, Roland"]
[Result "0-1"]
[WhiteElo "1592"]
[BlackElo "1910"]
[PlyCount "126"]
[EventDate "2014.07.12"]
[EventType "swiss"]
[EventRounds "9"]
[EventCountry "GER"]
[SourceTitle "EXT 2022"]
[Source "ChessBase"]
[SourceDate "2021.10.06"]
[SourceVersion "1"]
[SourceVersionDate "2021.10.06"]
[SourceQuality "1"]

1. e4 e5 2. Nf3 Nf6 3. Nc3 Bb4 4. Bc4 Nc6 5. 0-0 0-0 6. d3 Bxc3 7. bxc3 d5 8. exd5 Nxd5 9. Ng5 Na5 10. Ba3 Nxc4 11. dxc4 Qxg5 12. Bxf8 Nf4 13. g3 Nh3+ 14. Kg2 Kxf8 15. Re1 Be6 16. Rb1 b6 17. Qf3 Re8 18. Qb7 Qd2 19. Rf1 Qxc2 20. Rbc1 Qxa2 21. Qxc7 Qxc4 22. Qxc4 Bxc4 23. Kxh3 Bxf1+ 24. Rxf1 Rc8 25. Ra1 a5 26. Rb1 Rc6 27. Kg4 Ke7 28. Kf5 f6 29. Ke4 Kd6 30. Rb5 Kc7 31. Kd3 Rc5 32. Rb3 b5 33. Ke4 Kc6 34. g4 Rc4+ 35. Kf3 b4 36. cxb4 axb4 37. Rb2 Kb5 38. h3 Ka4 39. Ra2+ Kb3 40. Re2 Rc2 41. Re1 Ka2 42. Re4 b3 43. Ra4+ Kb1 44. Rb4 b2 45. Re4 Rd2 46. Ke3 Kc1 47. Rb4 Rc2 48. Kd3 b1Q 49. Rxb1+ Kxb1 50. Ke3 Kc1 51. f3 Rc3+ 52. Ke4 Kd2 53. h4 g6 54. g5 Re3+ 55. Kd5 Rd3+ 56. Ke6 fxg5 57. hxg5 Rxf3 58. Kxe5 Rf5+ 59. Ke4 Rxg5 60. Kf4 Rf5+ 61. Kg4 Ke3 62. Kh3 Rg5 63. Kh2 Kf3 0-1

[Event "Dortmund Sparkassen op-B"]
[Site "Dortmund"]
[Date "2014.07.12"]
[Round "1"]
[White "Michalicek, Roland"]
[Black "Thiemann, Marc"]
[Result "1-0"]
[WhiteElo "1910"]
[BlackElo "1548"]
[PlyCount "47"]
[EventDate "2014.07.12"]
[EventType "swiss"]
[EventRounds "9"]
[EventCountry "GER"]
[SourceTitle "EXT 2022"]
[Source "ChessBase"]
[SourceDate "2021.10.06"]
[SourceVersion "1"]
[SourceVersionDate "2021.10.06"]
[SourceQuality "1"]

1. e4 e5 2. Nf3 Nc6 3. d4 exd4 4. Nxd4 Nxd4 5. Qxd4 b6 6. Bc4 Nf6 7. e5 Bc5 8. Qf4 Qe7 9. 0-0 Nh5 10. Qf3 Rb8 11. Qxh5 0-0 12. Bf4 Bb7 13. Nd2 Kh8 14. Nb3 f6 15. Nxc5 Qxc5 16. Bd3 g6 17. Bxg6 Qe7 18. exf6 Rxf6 19. Be5 Rbf8 20. Bxf6+ Rxf6 21. Rae1 Rxg6 22. Qxg6 Qxe1 23. Qf6+ Kg8 24. Rxe1 1-0

[Event "Gelsenkirchen Silvester op 1st"]
[Site "Gelsenkirchen"]
[Date "2013.12.27"]
[Round "1"]
[White "Michalicek, Roland"]
[Black "Karabueguel, Okan"]
[Result "1-0"]
[WhiteElo "1921"]
[BlackElo "1298"]
[PlyCount "47"]
[EventDate "2013.12.27"]
[EventType "swiss"]
[EventRounds "5"]
[EventCountry "GER"]
[SourceTitle "EXT 2019"]
[Source "ChessBase"]
[SourceDate "2018.10.10"]
[SourceVersion "1"]
[SourceVersionDate "2018.10.10"]
[SourceQuality "1"]

1. e4 e5 2. Nf3 Nc6 3. d4 exd4 4. Nxd4 Bc5 5. Be3 Qf6 6. c3 Nge7 7. Bc4 0-0 8. 0-0 Rd8 9. Nxc6 bxc6 10. Bxc5 d6 11. Bd4 Qg6 12. Qf3 d5 13. Bd3 Bg4 14. Qf4 Bh3 15. Qf3 Bg4 16. Qe3 dxe4 17. Bxe4 f5 18. Bc2 Nd5 19. Qg3 Re8 20. h3 Bh5 21. Bxf5 Qxg3 22. fxg3 Re2 23. c4 Ne7 24. Bd3 1-0

[Event "Guben op 16th"]
[Site "Guben"]
[Date "2013.01.02"]
[Round "1"]
[White "Michalicek, Roland"]
[Black "Ranft, Steffen"]
[Result "0-1"]
[WhiteElo "1957"]
[BlackElo "2199"]
[PlyCount "48"]
[EventDate "2013.01.02"]
[EventType "swiss"]
[EventRounds "7"]
[EventCountry "GER"]
[SourceTitle "EXT 2014"]
[Source "ChessBase"]
[SourceDate "2013.11.20"]
[SourceVersion "1"]
[SourceVersionDate "2013.11.20"]
[SourceQuality "1"]

1. e4 c5 2. Nf3 d6 3. d4 cxd4 4. Nxd4 Nf6 5. Nc3 a6 6. Bc4 e6 7. a3 Be7 8. Be3 0-0 9. 0-0 b5 10. Ba2 Bb7 11. f3 Nc6 12. Nxc6 Bxc6 13. Qe2 Qb8 14. Rad1 a5 15. Nb1 d5 16. exd5 Nxd5 17. Bd4 Rd8 18. c4 Nf4 19. Qe3 Bg5 20. Kh1 h6 21. Be5 Nd3 22. f4 Nxe5 23. fxg5 Rxd1 24. Rxd1 Ng4 0-1

[Event "Recklinghaeuser op"]
[Site "Recklinghausen"]
[Date "2011.08.21"]
[Round "7"]
[White "Herud, Martin"]
[Black "Michalicek, Roland"]
[Result "1-0"]
[WhiteElo "1998"]
[BlackElo "1937"]
[PlyCount "61"]
[EventDate "2011.08.15"]
[EventType "swiss"]
[EventRounds "7"]
[EventCountry "GER"]
[SourceTitle "CBM 144 Extra"]
[Source "ChessBase"]
[SourceDate "2011.10.28"]
[SourceVersion "1"]
[SourceVersionDate "2011.10.28"]
[SourceQuality "1"]

1. e4 e5 2. Bc4 d6 3. Nf3 Qe7 4. Nc3 c6 5. d4 Be6 6. Bxe6 Qxe6 7. 0-0 Nf6 8. Ng5 Qc8 9. f4 Nbd7 10. Nf3 exd4 11. Nxd4 Qc7 12. Be3 0-0-0 13. b4 h5 14. Kh1 g6 15. Qf3 a6 16. Rab1 Ng4 17. Bg1 c5 18. Nd5 Qb8 19. bxc5 Qa8 20. c6 bxc6 21. Nb6+ Nxb6 22. Rxb6 c5 23. Nc6 Kc7 24. Rfb1 Re8 25. Qc3 Bh6 26. Qa5 Kd7 27. f5 Rxe4 28. Rxa6 Bd2 29. Ra7+ Kxc6 30. Qb6+ Kd5 31. Rxa8 1-0

[Event "Guben op 11th"]
[Site "Guben"]
[Date "2008.01.05"]
[Round "2"]
[White "Mihok, Oliver"]
[Black "Michalicek, Roland"]
[Result "1-0"]
[WhiteElo "2351"]
[BlackElo "1993"]
[PlyCount "35"]
[EventDate "2008.01.02"]
[EventType "swiss"]
[EventRounds "9"]
[EventCountry "GER"]
[SourceTitle "CBM 122 Extra"]
[Source "ChessBase"]
[SourceDate "2008.03.04"]
[SourceVersion "1"]
[SourceVersionDate "2008.03.04"]
[SourceQuality "1"]

1. e4 e5 2. Nf3 Nf6 3. Nxe5 d6 4. Nf3 Nxe4 5. c4 Ng5 6. Nxg5 Qxg5 7. d4 Qe7+ 8. Be3 Nd7 9. Bd3 Nf6 10. 0-0 d5 11. Bg5 dxc4 12. Bxc4 Be6 13. Bxe6 fxe6 14. Nc3 Qb4 15. Bxf6 gxf6 16. Qh5+ Ke7 17. Rfe1 Qxd4 18. Rad1 1-0

[Event "Dortmund ABC Serie B-21"]
[Site "Dortmund"]
[Date "2004.06.18"]
[Round "12"]
[White "Flierdl, Lothar"]
[Black "Michalicek, Roland"]
[Result "1-0"]
[WhiteElo "1636"]
[BlackElo "1683"]
[PlyCount "65"]
[EventDate "2004.04.??"]
[EventType "tourn"]
[EventRounds "12"]
[EventCountry "GER"]
[SourceTitle "EXT 2006"]
[Source "ChessBase"]
[SourceDate "2005.11.24"]
[SourceVersion "1"]
[SourceVersionDate "2005.11.24"]
[SourceQuality "1"]

1. e4 e5 2. Nf3 Nf6 3. d3 d5 4. exd5 Qxd5 5. Be2 Bb4+ 6. c3 Bd6 7. 0-0 Bf5 8. Bg5 Nbd7 9. c4 Qe6 10. Nc3 c6 11. Bh4 Ng4 12. Bg3 h5 13. h4 0-0-0 14. Ne4 Bc7 15. Qc2 Qg6 16. b4 Bxe4 17. dxe4 Ne3 18. fxe3 Qxg3 19. Rad1 Nf6 20. Rxd8+ Rxd8 21. a4 Ng4 22. Qc3 Rd6 23. c5 Rg6 24. Qe1 Qxe1 25. Nxe1 f6 26. Nc2 Bd8 27. Bc4 Be7 28. Be6+ Kb8 29. Rd1 f5 30. Bxf5 Rf6 31. Rd7 Bf8 32. Rd8+ Kc7 33. Rc8# 1-0

[Event "Dortmund ABC Serie B-21"]
[Site "Dortmund"]
[Date "2004.06.12"]
[Round "11"]
[White "Michalicek, Roland"]
[Black "Raszelenberg, Patrick"]
[Result "1-0"]
[WhiteElo "1683"]
[BlackElo "1768"]
[PlyCount "63"]
[EventDate "2004.04.??"]
[EventType "tourn"]
[EventRounds "12"]
[EventCountry "GER"]
[SourceTitle "EXT 2006"]
[Source "ChessBase"]
[SourceDate "2005.11.24"]
[SourceVersion "1"]
[SourceVersionDate "2005.11.24"]
[SourceQuality "1"]

1. e4 d6 2. d4 Nf6 3. Nc3 g6 4. Nf3 Bg7 5. Bc4 0-0 6. 0-0 Bg4 7. Be3 c6 8. a3 Nbd7 9. h3 Bxf3 10. Qxf3 e5 11. Rad1 b5 12. Ba2 a5 13. Bg5 Qc7 14. Ne2 exd4 15. Nxd4 Ne5 16. Qf4 Nh5 17. Qh4 Rfe8 18. g4 c5 19. f4 h6 20. fxe5 hxg5 21. Qxg5 Rxe5 22. Nxb5 Rxg5 23. Nxc7 Rf8 24. Rxd6 Bxb2 25. Ne6 fxe6 26. Bxe6+ Kh7 27. Rxf8 Ng7 28. Bg8+ Kh6 29. Bd5 Kh7 30. Rdd8 Nh5 31. Kf2 Nf6 32. Rf7+ 1-0

[Event "Dortmund ABC Serie B-21"]
[Site "Dortmund"]
[Date "2004.05.22"]
[Round "7"]
[White "Michalicek, Roland"]
[Black "Duschek, Guenter"]
[Result "0-1"]
[WhiteElo "1683"]
[BlackElo "1675"]
[PlyCount "104"]
[EventDate "2004.04.??"]
[EventType "tourn"]
[EventRounds "12"]
[EventCountry "GER"]
[SourceTitle "EXT 2006"]
[Source "ChessBase"]
[SourceDate "2005.11.24"]
[SourceVersion "1"]
[SourceVersionDate "2005.11.24"]
[SourceQuality "1"]

1. e4 d5 2. exd5 Qxd5 3. Nc3 Qd8 4. Nf3 Bf5 5. Bc4 e6 6. 0-0 c6 7. Re1 Nf6 8. d4 Be7 9. Nh4 Bg6 10. Bf4 Nd5 11. Nxg6 hxg6 12. Be5 Bf6 13. Qf3 Bxe5 14. dxe5 Qh4 15. Bxd5 Qxh2+ 16. Kf1 cxd5 17. Nb5 0-0 18. Nc7 Nc6 19. Qe3 Rac8 20. Nb5 Nb4 21. Ke2 Qh5+ 22. f3 Rxc2+ 23. Kd1 Rxg2 24. Rc1 Rg3 25. Rf1 Qh3 26. Ke1 Qh4 27. Rf2 Rg1+ 28. Ke2 Rxc1 29. Qxc1 a6 30. Nd6 Nc6 31. f4 Nd4+ 32. Ke1 Qh1+ 33. Kd2 Qh4 34. Ke1 Qg3 35. Qd1 Qe3+ 36. Kf1 b5 37. b3 Qh3+ 38. Kg1 Qg3+ 39. Kf1 Nf5 40. Nxf5 Qh3+ 41. Rg2 Qxf5 42. Qc1 f6 43. exf6 Qxf6 44. Rf2 Qh4 45. Qe3 Qh1+ 46. Ke2 Re8 47. Qb6 Qe4+ 48. Kd1 Rc8 49. Rd2 Qf3+ 50. Re2 Qf1+ 51. Kd2 Qc1+ 52. Kd3 Qc3# 0-1